000
00223nam a22001097a 4500
041
_a
eng
080
_a
80
100
_a
Halsey, William D.
245
_a
Colliers Encyclopedia. Vol. 17
650
_a
Reference
999
_c
281242
_d
281242
942
_c
BK